Financovanie malých a stredných podnikov - komparácia štandardných a alternatívnych foriem financovania dizertačná práca

Gespeichert in:
Bibliographische Detailangaben
1. Verfasser: Kakula, Tomáš
Körperschaft: Fakulta podnikového manažmentu EU. Katedra podnikových financií
Weitere Verfasser: Fetisovová, Elena
Format: Buch
Sprache:Slowakisch
Veröffentlicht: Bratislava 2013
Schlagworte:
Tags: Tag hinzufügen
Keine Tags, Fügen Sie das erste Tag hinzu!

MARC

LEADER 00000nbm a2200000 4500
001 0176198
005 20240502073014.4
041 0 |a slo 
044 |a SK 
245 1 0 |a Financovanie malých a stredných podnikov - komparácia štandardných a alternatívnych foriem financovania  |b dizertačná práca  |c Tomáš Kakula ; školiteľ: Elena Fetisovová 
264 1 |a Bratislava  |c 2013 
300 |a 116 s. 
610 2 0 |a financovanie podnikov 
610 2 0 |a podnik malý 
610 2 0 |a podnik stredný 
610 2 0 |a zdroje finančné 
610 2 0 |a zdroje finančné cudzie 
610 2 0 |a zdroje finančné vlastné 
100 1 |a Kakula, Tomáš 
700 1 |a Fetisovová, Elena 
710 2 |a Fakulta podnikového manažmentu EU. Katedra podnikových financií